000
00208nam a22000857a 4500
008
170614b xxu||||| |||| 00| 0 eng d
100
_9
3382
_a
Leen T
245
_a
Discovery world - 6
260
_a
New Delhi
_b
PCB
_c
2009
999
_c
6736
_d
6736